| 000 | 00886nam a2200229 a 4500 | ||
|---|---|---|---|
| 005 | 20090629154010.0 | ||
| 008 | 900126s1989 ii b 001 0 eng | ||
| 010 | _aENG-94284 | ||
| 020 |
_a9788184551440 _c750.00 |
||
| 035 | _aEN-77817 | ||
| 037 | _bDBAD / PUB | ||
| 040 |
_adpl _bEnglish |
||
| 082 | _a320.01 | ||
| 100 | _aNarendra Singh | ||
| 245 |
_aIntroduction to political theory / _cby Narendra Singh |
||
| 260 |
_aNew Delhi _bOmega Publications _c2009 |
||
| 270 |
_a4378/4B, J4 JMD House, Murari Lal Street, Ansari Road, Daryaganj _bNew Delhi _e110002 |
||
| 300 |
_av, 304p. _c23cm(Hb) |
||
| 500 | _aIncludes bibliographical references | ||
| 942 |
_2ddc _cEN _mNAR _h320.01 |
||
| 999 |
_c27963 _d27963 |
||